000 00530nam a2200205Ia 4500
008 251008s9999 xx 000 0 und d
020 _a9789390113309
041 _aEnglish
082 _a658.114.1 HIS
100 _aHisrch (Robeert D)
245 0 _aEntrepreneurship
250 _a11
260 _bMcgraw Hill Education (India) Private Limited
_aChennai
_c2024
300 _bPaper Back
_a558+24
365 _b1020
563 _aPaper Back
650 _a Entrepreneurship
700 _aPeters (Michael P)
942 _cBK
999 _c193183
_d193183